Lonely Planet Top Places to go in 2026 - Statistics

General Stats
  • This quiz has been taken 280 times
  • The average score is 9 of 25
Answer Stats
Hint Answer % Correct
City in Brazil Sao Paulo (Liberdade neighborhood)
69%
Island in New Zealand North Island (Aotearoa)
68%
Island in Italy Sardinia
66%
South Asian Country Sri Lanka
65%
Canadian province British Columbia
58%
South America Country Peru
58%
Island in Thailand Phuket
54%
City in Mexico Mexico City
51%
Caribbean country Barbados
50%
Island in South Korea Jeju-Do
47%
City in Netherlands Utrecht
46%
Oceania country Solomon Islands
44%
City in Colombia Cartagena
37%
African country Tunisia
37%
African country Botswana
34%
European country Finland
26%
City in Cambodia SIem Reap
25%
Island in the Indian Ocean Reunion Island
23%
US state Maine
22%
City in Spain Cadiz
11%
City in Guatemala Quetzaltenango (Xela)
8%
County in Ireland Tipperary
6%
Australian National Park Ikara–Flinders Ranges National Park
3%
City in Vietnam Quy Nhon
3%
US national park Theodore Roosevelt National Park
3%
No matching quizzes found
Score Distribution
Percent of People with Each Score
Percentile by Number Answered
Your Score History
You have not taken this quiz